Labor psicológica del educador.

Shranjeno v:
Bibliografske podrobnosti
Glavni avtor: Lefevre, Lucien (autor)
Format: Knjiga
Jezik:španščina
Serija:(Biblioteca práctica de psicología)
Teme:
Oznake: Označite
Brez oznak, prvi označite!

MARC

LEADER 00000cam^a2200000uu^4500
001 000461658
005 20250521000000.0
008 050901s1968^^^^^^^^^^^^rd^r^^000^0^spa^d
009 20260310124229.809
035 |a FCE 000004158 
035 |a FCE 015861 
037 |a Acervo ITESO - Biblioteca 
041 |a spa 
082 0 4 |a 370.46  |b L154l 
100 |a Lefevre, Lucien  |e (autor) 
245 1 0 |a Labor psicológica del educador. 
264 |a Buenos Aires :  |b Paidea,  |c 1968. 
300 |a 173 p. 
336 |a texto  |b txt  |2 rdacontenido 
337 |a sin mediación  |b n  |2 rdamedio 
338 |a volumen  |b nc  |2 rdasoporte 
440 0 |a (Biblioteca práctica de psicología) 
649 |a XX 
650 |a Docentes 
650 |a Método de enseñanza 
650 |a Desarrollo del niño 
650 |a Psicología 
650 |a Educadores 
650 |a Relación alumno-docente 
650 |a Psicología de la educación 
910 |a Fondo Centro de Estudios Educativos 
920 |a Impresos - Libros 
930 |a Fondos Especiales 
905 |a 133 
901 |a ALE015861  |b IT2  |c CEE  |u 20250521 
902 |a https://opac.biblio.iteso.mx/vufind/Record/000461658